00327nam a22001337a 4500020001800000040000900018082001500027100002200042110001600064245002600080250001600106260004500122650002600167 a9788120345249 cNust a620.3bDUR aDukkipati,. V Rao aSrinivas,.J aMechanical Vibrations a2nd Edition aNew Delhi:bPHI Learning Pvt Ltd,c2012. aMechanical Vibrations